• 首页
  • 本馆介绍
  • 公告通知
  • 最新文献
  • 馆藏检索
  • 电子资源
  • 读者导购
  • 参考咨询
  • 我的图书馆
  • 登录
  • 详细信息显示
  • 放入我的书架
  • 预约/预借图书
  • 作者相关作品
  • 分类相关作品
  • 丛书相关作品
  • 出版社相关作品

书目信息

  • 表格格式
  • 工作单格式
  • 卡片格式
题名:
伟大民族精神学习讲座
    
 
作者: 程勤 主编
分册:  
出版信息: 北京   红旗出版社  2018
页数: 221页
开本: 24cm
丛书名:
单 册:
中图分类: C955.2
科图分类:
主题词: 中华民族--民族精神--研究
电子资源:
ISBN: 978-7-5051-4691-4
000 01238nam0 2200241 450
001 012001000212
005 20140920091301.0
010    @a978-7-5051-4691-4@dCNY48.00
100    @a20180819d2018 em y0chiy50 ea
101 0  @achi
102    @aCN@b110000
105    @ay z 000yy
106    @ar
200 1  @a伟大民族精神学习讲座@9Wei Da Min Zu Jing Shen Xue Xi Jiang Zuo@f程勤主编
210    @a北京@c红旗出版社@d2018
215    @a221页@d24cm
314    @a程勤,女,火箭军指挥学院政治工作系教授,军队政治工作学硕士导师,北京师范大学经济学学士、武汉大学法学硕士。出版理论专著30多部,发表学术论文80多篇,著作论文获全军政治理论成果评比二等奖、火箭军政治理理论成果评比一等奖等。
330    @a本书从历史渊源、深刻内涵、践行路径等方面,以激昂的语调、饱满的情感,讲述了民族精神的深沉意蕴和丰厚内涵,有着对中国传统厚重底蕴的深刻思考,有着对中华民族5000多年连绵不断文明的崇高敬意,有着对近代中国苦难辉煌的感同身受,有着对170多年来仁人志士前赴后继、上下求索的深切体认,有着对未来中国光明前景的坚定自信,有着面向“两个一百年”目标、面向社会主义现代化强国进军的满腔激情。
606 0  @a中华民族@x民族精神@x研究
690    @aC955.2@v5
701  0 @a程勤@9Cheng Qin@4主编
801  0 @aCN@b上海新华@c20180901
905    @b1041048-52@dC955.2@e117@f5
    
    伟大民族精神学习讲座/程勤主编.-北京:红旗出版社,2018
    221页;24cm
    
    
    ISBN 978-7-5051-4691-4:CNY48.00
    本书从历史渊源、深刻内涵、践行路径等方面,以激昂的语调、饱满的情感,讲述了民族精神的深沉意蕴和丰厚内涵,有着对中国传统厚重底蕴的深刻思考,有着对中华民族5000多年连绵不断文明的崇高敬意,有着对近代中国苦难辉煌的感同身受,有着对170多年来仁人志士前赴后继、上下求索的深切体认,有着对未来中国光明前景的坚定自信,有着面向“两个一百年”目标、面向社会主义现代化强国进军的满腔激情。
●
相关链接 在E读中查询图书 在五车中查询图书 在当当中查询图书 在豆瓣中查询图书


正题名:伟大民族精神学习讲座     索取号:C955.2/117         预约/预借

序号 登录号 条形码 馆藏地/架位号 状态 备注
1 1041048   210410483   第一样本阅览室/ [索取号:C955.2/117] 在馆    
2 1041049   210410492   第一借阅区/ [索取号:C955.2/117] 在馆    
3 1041050   210410508   第一借阅区/ [索取号:C955.2/117] 在馆    
4 1041051   210410517   第一借阅区/ [索取号:C955.2/117] 在馆    
5 1041052   210410526   第一借阅区/ [索取号:C955.2/117] 在馆    
唐山师范学院图书馆 欢迎您!
大连网信软件有限公司© 版权所有